[Event "CAN-op (Pinnacle 48th CAN Op Ch)"]
[Site "Toronto CAN"]
[Date "2011.07.13"]
[Round "4"]
[White "Grecu, Veaceslav"]
[Black "Knox, Christopher"]
[Result "0-1"]
[WhiteElo "1846"]
[BlackElo "2072"]
[PlyCount "64"]
[GameId "2160767909707213"]
[EventDate "2011.07.09"]
[EventType "swiss"]
[EventRounds "9"]
[EventCountry "CAN"]
[SourceTitle "hb 2011"]

1. b4 c6 2. Bb2 a5 3. a3 axb4 4. axb4 Rxa1 5. Bxa1 Qb6 6. c3 d5 7. Nf3 Nf6 8. d3 Bf5 9. e3 e6 10. Be2 Bd6 11. Qa4 O-O 12. O-O Nbd7 13. Na3 e5 14. Nc2 Qc7 15. g3 b5 16. Qb3 c5 17. c4 bxc4 18. dxc4 cxb4 19. Nh4 Be6 20. cxd5 Bxd5 21. Qb1 Be4 22. Rc1 Rc8 23. Bd1 Nc5 24. f3 Nd3 25. fxe4 Nxc1 26. Qxc1 b3 27. Bb2 Nxe4 28. Nf5 Bf8 29. Bg4 bxc2 30. Bxe5 Qxe5 31. Nh6+ gxh6 32. Bxc8 Qc3 0-1

[Event "CAN-op (Pinnacle 48th CAN Op Ch)"]
[Site "Toronto CAN"]
[Date "2011.07.13"]
[Round "5"]
[White "Agbabishvili, Lali"]
[Black "Campbell, Brett"]
[Result "1/2-1/2"]
[WhiteElo "1954"]
[BlackElo "2246"]
[PlyCount "49"]
[GameId "2160767909707214"]
[EventDate "2011.07.09"]
[EventType "swiss"]
[EventRounds "9"]
[EventCountry "CAN"]
[SourceTitle "hb 2011"]

1. c4 Nf6 2. Nc3 d6 3. g3 g6 4. Bg2 Bg7 5. d3 e5 6. e4 O-O 7. Nge2 Nh5 8. O-O Nc6 9. Rb1 f5 10. exf5 gxf5 11. Nd5 Nf6 12. Bg5 Ne7 13. Nxf6+ Bxf6 14. Bxf6 Rxf6 15. f4 c5 16. b4 Qb6 17. bxc5 Qxc5+ 18. Kh1 Rb8 19. fxe5 dxe5 20. d4 exd4 21. Qxd4 Qxd4 22. Nxd4 b6 23. c5 Bb7 24. Bxb7 Rxb7 25. cxb6 1/2-1/2

[Event "CAN-op (Pinnacle 48th CAN Op Ch)"]
[Site "Toronto CAN"]
[Date "2011.07.13"]
[Round "5"]
[White "Ang, Alan"]
[Black "Baumgartner, Christopher"]
[Result "1-0"]
[WhiteElo "2029"]
[BlackElo "1904"]
[PlyCount "53"]
[GameId "2160767909707215"]
[EventDate "2011.07.09"]
[EventType "swiss"]
[EventRounds "9"]
[EventCountry "CAN"]
[SourceTitle "EXT 2022"]
[Source "ChessBase"]
[SourceDate "2021.10.06"]
[SourceVersion "1"]
[SourceVersionDate "2021.10.06"]
[SourceQuality "1"]

1. e4 c5 2. Nf3 e6 3. d4 cxd4 4. Nxd4 a6 5. Nc3 Qc7 6. Bd3 Nf6 7. O-O Bc5 8. Nb3 Ba7 9. Kh1 d6 10. f4 Nbd7 11. a4 O-O 12. g4 Rd8 13. g5 Ne8 14. Qh5 g6 15. Qh4 Ng7 16. Bd2 Nc5 17. Nxc5 dxc5 18. Rf3 c4 19. Rh3 h5 20. gxh6 Ne8 21. h7+ Kh8 22. Qh6 Ng7 23. Nb5 axb5 24. Bc3 Bd4 25. Bxd4 Rxd4 26. Qxg7+ Kxg7 27. h8=Q# 1-0

[Event "CAN-op (Pinnacle 48th CAN Op Ch)"]
[Site "Toronto CAN"]
[Date "2011.07.13"]
[Round "5"]
[White "Austria, Federico"]
[Black "Cohen, Lawrence S"]
[Result "1-0"]
[WhiteElo "2105"]
[BlackElo "1993"]
[PlyCount "69"]
[GameId "2160767909707216"]
[EventDate "2011.07.09"]
[EventType "swiss"]
[EventRounds "9"]
[EventCountry "CAN"]
[SourceTitle "EXT 2022"]
[Source "ChessBase"]
[SourceDate "2021.10.06"]
[SourceVersion "1"]
[SourceVersionDate "2021.10.06"]
[SourceQuality "1"]

1. Nf3 Nf6 2. d4 d5 3. e3 g6 4. Bd3 Bg7 5. O-O O-O 6. Ne5 Nbd7 7. f4 c6 8. Nd2 Nxe5 9. fxe5 Ng4 10. Nf3 f6 11. h3 fxe5 12. e4 dxe4 13. Bc4+ Kh8 14. Ng5 Nh6 15. Be3 exd4 16. Rxf8+ Qxf8 17. Bxd4 e5 18. Be3 Bf5 19. g4 b5 20. Bb3 Rd8 21. Qe2 Bc8 22. Rf1 Qd6 23. Nxe4 Qc7 24. Bc5 Re8 25. Nd6 Bd7 26. Nxe8 Bxe8 27. Qe3 Nf7 28. Kg2 Nd6 29. Qd3 Nb7 30. Bf8 c5 31. Bxg7+ Kxg7 32. Bd5 Bc6 33. Qf3 Bxd5 34. Qxd5 Qe7 35. Re1 1-0

[Event "CAN-op (Pinnacle 48th CAN Op Ch)"]
[Site "Toronto CAN"]
[Date "2011.07.13"]
[Round "5"]
[White "Bojkov, Dejan"]
[Black "Derraugh, Geordie"]
[Result "1-0"]
[WhiteElo "2544"]
[BlackElo "2140"]
[PlyCount "65"]
[GameId "2160767909707221"]
[EventDate "2011.07.09"]
[EventType "swiss"]
[EventRounds "9"]
[EventCountry "CAN"]
[SourceTitle "EXT 2022"]
[Source "ChessBase"]
[SourceDate "2021.10.06"]
[SourceVersion "1"]
[SourceVersionDate "2021.10.06"]
[SourceQuality "1"]

1. e4 e5 2. Nf3 Nc6 3. Bc4 Bc5 4. c3 Nf6 5. d3 d6 6. Bb3 O-O 7. Bg5 a6 8. Nbd2 Be6 9. h3 Ba7 10. Nh2 h6 11. Bh4 g5 12. Bg3 Qd7 13. h4 g4 14. Ndf1 Bxb3 15. axb3 Kh7 16. f3 Rg8 17. h5 d5 18. Bh4 gxf3 19. Qxf3 dxe4 20. dxe4 Ng4 21. Rd1 Qe6 22. Nxg4 Rxg4 23. g3 Na5 24. Nd2 Rf8 25. Rf1 Rgg8 26. Qf5+ Qxf5 27. Rxf5 Be3 28. Nf3 f6 29. Rxf6 Rxf6 30. Bxf6 Rxg3 31. Rd8 Rg7 32. Nxe5 Bg5 33. Ng6 1-0

[Event "CAN-op (Pinnacle 48th CAN Op Ch)"]
[Site "Toronto CAN"]
[Date "2011.07.13"]
[Round "5"]
[White "Cao, Jason"]
[Black "Yee, Lorne"]
[Result "0-1"]
[WhiteElo "1908"]
[BlackElo "2260"]
[PlyCount "124"]
[GameId "2160767909707224"]
[EventDate "2011.07.09"]
[EventType "swiss"]
[EventRounds "9"]
[EventCountry "CAN"]
[SourceTitle "EXT 2022"]
[Source "ChessBase"]
[SourceDate "2021.10.06"]
[SourceVersion "1"]
[SourceVersionDate "2021.10.06"]
[SourceQuality "1"]

1. e4 d5 2. exd5 Qxd5 3. Nc3 Qd8 4. d4 Nf6 5. Nf3 c6 6. Be2 Bf5 7. Bf4 e6 8. O-O Nbd7 9. h3 h6 10. Bd3 Bxd3 11. Qxd3 Be7 12. Rad1 O-O 13. Ne4 Nxe4 14. Qxe4 Qa5 15. a3 Qb5 16. Bc1 Rad8 17. b3 Qa6 18. Bb2 Bf6 19. c4 b5 20. c5 Be7 21. Ne5 Nxe5 22. Qxe5 Rd5 23. Qe2 Qb7 24. Rd3 Rfd8 25. Rfd1 Qd7 26. Qg4 Bf6 27. f4 g6 28. Qf3 Bg7 29. Qe4 Bf8 30. b4 a5 31. Qe3 Ra8 32. Bc3 axb4 33. Bxb4 Bg7 34. Kh2 Rd8 35. Bc3 Qa7 36. Bb4 R8d7 37. g3 Qa8 38. Kg2 Qd8 39. Bc3 h5 40. h4 Bh6 41. Qe4 Bf8 42. Bb4 Bg7 43. Bc3 Qa8 44. Bb4 Qa4 45. R1d2 Qa8 46. Rd1 Kh7 47. R1d2 Qd8 48. Bc3 Bf6 49. Rd1 Qa8 50. Bb4 Bd8 51. Qe1 Ra7 52. Qc3 Bc7 53. Rb1 Qd8 54. Kf3 e5 55. fxe5 Bxe5 56. Rbd1 Rad7 57. Qe1 Rxd4 58. Rxd4 Rxd4 59. Rxd4 Qxd4 60. Qe2 Qg4+ 61. Ke3 Qxe2+ 62. Kxe2 Bxg3 0-1

[Event "CAN-op (Pinnacle 48th CAN Op Ch)"]
[Site "Toronto CAN"]
[Date "2011.07.13"]
[Round "5"]
[White "Castaneda, Nelson"]
[Black "Wu, Kevin"]
[Result "1-0"]
[WhiteElo "2229"]
[BlackElo "1914"]
[PlyCount "73"]
[GameId "2160767909707225"]
[EventDate "2011.07.09"]
[EventType "swiss"]
[EventRounds "9"]
[EventCountry "CAN"]
[SourceTitle "CBM 143 Extra"]
[Source "ChessBase"]
[SourceDate "2011.08.29"]
[SourceVersion "1"]
[SourceVersionDate "2011.08.29"]
[SourceQuality "1"]

1. e4 c5 2. Nf3 d6 3. d4 cxd4 4. Nxd4 Nf6 5. Nc3 g6 6. Be3 a6 7. f3 b5 8. a4 bxa4 9. Bc4 Bb7 10. O-O Bg7 11. Rxa4 Nbd7 12. Qe2 Nc5 13. Ra3 Qc8 14. Rfa1 O-O 15. Nd5 Nxd5 16. exd5 e6 17. dxe6 fxe6 18. b4 d5 19. bxc5 dxc4 20. Qxc4 Bd5 21. Qd3 Rf7 22. Rxa6 Rxa6 23. Rxa6 e5 24. Nb3 e4 25. Qxd5 Qxa6 26. Qxe4 Qc8 27. h4 Rf5 28. Qc4+ Kh8 29. Bf4 Qe8 30. Kf2 Qd8 31. Bd6 g5 32. Nd4 Rf4 33. Bxf4 gxf4 34. Nf5 Bf6 35. Qxf4 Qd5 36. Ke2 Be5 37. Qe4 1-0

[Event "CAN-op (Pinnacle 48th CAN Op Ch)"]
[Site "Toronto CAN"]
[Date "2011.07.13"]
[Round "5"]
[White "Chidley-Hill, John"]
[Black "Serbanescu, Natasa"]
[Result "1-0"]
[WhiteElo "1787"]
[BlackElo "1871"]
[PlyCount "90"]
[GameId "2160767909707226"]
[EventDate "2011.07.09"]
[EventType "swiss"]
[EventRounds "9"]
[EventCountry "CAN"]

1. d4 d5 2. Nf3 Bg4 3. e3 e6 4. c4 Nf6 5. Nc3 c6 6. Qb3 Qb6 7. Ne5 Qxb3 8. axb3 Bf5 9. c5 Nbd7 10. Nxd7 Nxd7 11. b4 e5 12. Be2 Be7 13. O-O O-O 14. b5 Bf6 15. Rd1 Rfe8 16. Kf1 g6 17. Ra3 exd4 18. exd4 Re6 19. g4 Rxe2 20. Nxe2 Bxg4 21. bxc6 bxc6 22. Be3 Rb8 23. Rd2 Bh3+ 24. Ke1 Rb7 25. Nc1 Nxc5 26. dxc5 Bxb2 27. Rb3 Rxb3 28. Nxb3 Bc3 29. Ke2 Bxd2 30. Bxd2 Bd7 31. Bc3 Kf8 32. Bf6 Ke8 33. Nd4 a5 34. Kd2 h5 35. Kc3 g5 36. Kb3 g4 37. Ka4 h4 38. Bxh4 f5 39. Bg3 Kf7 40. Kxa5 Kf6 41. Bf4 Ke7 42. Kb6 Kd8 43. Nxc6+ Bxc6 44. Kxc6 d4 45. Kd5 d3 1-0

[Event "CAN-op (Pinnacle 48th CAN Op Ch)"]
[Site "Toronto CAN"]
[Date "2011.07.13"]
[Round "5"]
[White "Coleman, Mike"]
[Black "Chan, James"]
[Result "0-1"]
[WhiteElo "2162"]
[BlackElo "2022"]
[PlyCount "72"]
[GameId "2160767909707227"]
[EventDate "2011.07.09"]
[EventType "swiss"]
[EventRounds "9"]
[EventCountry "CAN"]
[SourceTitle "hb 2011"]

1. e4 e5 2. Nf3 Nc6 3. Bb5 a6 4. Ba4 Nf6 5. O-O Be7 6. Re1 b5 7. Bb3 d6 8. c3 O-O 9. h3 Na5 10. Bc2 d5 11. exd5 e4 12. Ng5 Nxd5 13. Nxe4 f5 14. Ng3 f4 15. Ne4 f3 16. d4 Nc4 17. a4 Rb8 18. axb5 axb5 19. b3 Nd6 20. Nc5 Bg5 21. Ne6 Bxe6 22. Rxe6 Bxc1 23. Qxc1 Nf4 24. Qe3 Qg5 25. g3 Nxe6 26. Qxe6+ Kh8 27. Qe3 Qh5 28. Nd2 Rbe8 29. Qd3 g6 30. Kh2 Re2 31. Rf1 Nf5 32. Nxf3 Nxg3 33. Kxg3 Rxc2 34. Qxc2 Rxf3+ 35. Kg2 Qxh3+ 36. Kg1 Qg4+ 0-1

[Event "CAN-op (Pinnacle 48th CAN Op Ch)"]
[Site "Toronto CAN"]
[Date "2011.07.13"]
[Round "5"]
[White "Day, Lawrence"]
[Black "Olden-Cooligan, Ben"]
[Result "1/2-1/2"]
[WhiteElo "2262"]
[BlackElo "1893"]
[PlyCount "81"]
[GameId "2160767909707228"]
[EventDate "2011.07.09"]
[EventType "swiss"]
[EventRounds "9"]
[EventCountry "CAN"]
[SourceTitle "EXT 2022"]
[Source "ChessBase"]
[SourceDate "2021.10.06"]
[SourceVersion "1"]
[SourceVersionDate "2021.10.06"]
[SourceQuality "1"]

1. e4 e6 2. Qe2 c5 3. f4 Nc6 4. Nf3 Be7 5. c3 d5 6. d3 Nf6 7. e5 Nd7 8. Na3 O-O 9. Nc2 b5 10. d4 b4 11. cxb4 cxb4 12. Qf2 a5 13. Bd3 Ba6 14. Bxa6 Rxa6 15. O-O Qb6 16. Rd1 b3 17. axb3 Rc8 18. Qe2 Ra7 19. Rd3 Rac7 20. Qd1 Ncxe5 21. fxe5 Rxc2 22. Ne1 R2c7 23. Bf4 Nf8 24. Rc1 Ng6 25. Rxc7 Rxc7 26. Be3 Bb4 27. Kf1 Qb5 28. Bd2 Ne7 29. Ke2 Nf5 30. Nf3 h6 31. g4 Ne7 32. Bxb4 axb4 33. h4 Qc6 34. Qd2 Qc1 35. Qxb4 Rc2+ 36. Rd2 Nc6 37. Qa4 Rxb2 38. Rxb2 Qxb2+ 39. Kd3 Qb1+ 40. Kd2 Qb2+ 41. Kd3 1/2-1/2

[Event "CAN-op (Pinnacle 48th CAN Op Ch)"]
[Site "Toronto CAN"]
[Date "2011.07.13"]
[Round "5"]
[White "Fiedler, Brian"]
[Black "Miller, David"]
[Result "1-0"]
[WhiteElo "2123"]
[BlackElo "1936"]
[PlyCount "79"]
[GameId "2160767909707232"]
[EventDate "2011.07.09"]
[EventType "swiss"]
[EventRounds "9"]
[EventCountry "CAN"]
[SourceTitle "hb 2011"]

1. Nf3 Nf6 2. c4 g6 3. Nc3 Bg7 4. e4 O-O 5. d4 d6 6. Be2 e5 7. O-O Nc6 8. d5 Ne7 9. Ne1 Nd7 10. f3 f5 11. g4 Nf6 12. Be3 h6 13. Nd3 fxg4 14. fxg4 g5 15. c5 Ng6 16. Rc1 Nf4 17. Nf2 Rf7 18. cxd6 cxd6 19. Nb5 Bf8 20. a4 a6 21. Na3 Bd7 22. b3 h5 23. Bxf4 gxf4 24. gxh5 Qb6 25. Nc4 Qa7 26. Kh1 b5 27. Na5 Rg7 28. Nc6 Qe3 29. Qd3 bxa4 30. bxa4 Qxd3 31. Bxd3 Nxh5 32. Be2 Ng3+ 33. hxg3 fxg3 34. Kg2 gxf2+ 35. Kxf2 Rf7+ 36. Ke1 Rxf1+ 37. Kxf1 Kf7 38. Rb1 Bh6 39. Rb7 Ke8 40. Bh5+ 1-0

[Event "CAN-op (Pinnacle 48th CAN Op Ch)"]
[Site "Toronto CAN"]
[Date "2011.07.13"]
[Round "5"]
[White "Florea, Alexandru"]
[Black "Abrahams, Daniel"]
[Result "1/2-1/2"]
[WhiteElo "2065"]
[BlackElo "2161"]
[PlyCount "66"]
[GameId "2160767909707233"]
[EventDate "2011.07.09"]
[EventType "swiss"]
[EventRounds "9"]
[EventCountry "CAN"]
[SourceTitle "hb 2011"]

1. e4 e5 2. Nf3 Nc6 3. Bc4 Bc5 4. c3 Nf6 5. b4 Bb6 6. d3 O-O 7. O-O a6 8. Bg5 d6 9. Nbd2 Be6 10. Qb3 Qe7 11. a4 Ba7 12. a5 b5 13. axb6 Bxb6 14. Bxe6 Qxe6 15. Qxe6 fxe6 16. Nc4 Nd7 17. Ra2 d5 18. Nxb6 cxb6 19. Rfa1 h6 20. Bd2 a5 21. c4 dxc4 22. dxc4 Nf6 23. bxa5 bxa5 24. Bxa5 Nxe4 25. Bc7 Rxa2 26. Rxa2 Rc8 27. Bxe5 Nxe5 28. Nxe5 Rc5 29. Re2 Ra5 30. Nf3 Ng5 31. h3 Nxf3+ 32. gxf3 Ra1+ 33. Kg2 Rc1 1/2-1/2

[Event "CAN-op (Pinnacle 48th CAN Op Ch)"]
[Site "Toronto CAN"]
[Date "2011.07.13"]
[Round "5"]
[White "Frilles, Ruperto"]
[Black "Peng, Jackie"]
[Result "1-0"]
[WhiteElo "2105"]
[BlackElo "1991"]
[PlyCount "75"]
[GameId "2160767909707234"]
[EventDate "2011.07.09"]
[EventType "swiss"]
[EventRounds "9"]
[EventCountry "CAN"]
[SourceTitle "hb 2011"]

1. c4 Nf6 2. Nc3 g6 3. e4 d6 4. g3 Bg7 5. Bg2 O-O 6. h3 e5 7. d3 Re8 8. Nge2 Nfd7 9. O-O Nc6 10. Be3 Nf8 11. f4 Ne6 12. f5 gxf5 13. exf5 Ned4 14. Bxd4 exd4 15. Ne4 Kh8 16. Qd2 Be5 17. f6 Rg8 18. Ng5 Be6 19. Nf4 Bxf6 20. Ngxe6 fxe6 21. Nxe6 Qe7 22. Rae1 Be5 23. Nf4 Rxg3 24. Nh5 Rg5 25. Nf6 Qg7 26. Ne4 Rg6 27. h4 h6 28. Re2 Rg4 29. Rf3 Rxh4 30. Ref2 Rg8 31. Kf1 Nd8 32. Nf6 Bxf6 33. Rxf6 Rh1+ 34. Bxh1 Qg1+ 35. Ke2 Re8+ 36. Be4 Qg4+ 37. Kf1 Qh3+ 38. Bg2 1-0

[Event "CAN-op (Pinnacle 48th CAN Op Ch)"]
[Site "Toronto CAN"]
[Date "2011.07.13"]
[Round "5"]
[White "Fu, James"]
[Black "Ye, Stephen"]
[Result "1-0"]
[WhiteElo "2028"]
[BlackElo "1710"]
[PlyCount "97"]
[GameId "2160767909707235"]
[EventDate "2011.07.09"]
[EventType "swiss"]
[EventRounds "9"]
[EventCountry "CAN"]
[SourceTitle "hb 2011"]

1. e4 c5 2. Nf3 Nc6 3. Nc3 g6 4. g3 Bg7 5. Bg2 Nf6 6. h3 O-O 7. O-O d6 8. Re1 a6 9. b3 Bd7 10. Bb2 Rc8 11. Nd5 Re8 12. c4 e5 13. d3 Be6 14. Rb1 Bxd5 15. exd5 Nd4 16. Nxd4 exd4 17. Qd2 Qc7 18. b4 b6 19. bxc5 bxc5 20. Bf3 Nd7 21. Rxe8+ Rxe8 22. Bc1 Ne5 23. Be2 f5 24. Qb2 Qe7 25. Bf1 Ra8 26. Qe2 Qd7 27. f4 Nf7 28. Qe6 Qc7 29. Bd2 Bf8 30. g4 fxg4 31. hxg4 Rb8 32. Ba5 Qc8 33. Rb6 Qd8 34. Rb7 Qe8 35. Bg2 Qxe6 36. dxe6 Rxb7 37. Bxb7 Be7 38. exf7+ Kxf7 39. Bxa6 h5 40. Kg2 h4 41. Bb5 Ke6 42. Bc6 g5 43. Bd2 gxf4 44. Bxf4 Bd8 45. Kh3 Ba5 46. Kxh4 Kf6 47. Kh5 Kg7 48. Bxd6 Bb4 49. a4 1-0

[Event "CAN-op (Pinnacle 48th CAN Op Ch)"]
[Site "Toronto CAN"]
[Date "2011.07.13"]
[Round "5"]
[White "Grecu, Veaceslav"]
[Black "Morabito, Matthew"]
[Result "1/2-1/2"]
[WhiteElo "1846"]
[BlackElo "2016"]
[PlyCount "109"]
[GameId "2160767909707238"]
[EventDate "2011.07.09"]
[EventType "swiss"]
[EventRounds "9"]
[EventCountry "CAN"]
[SourceTitle "hb 2011"]

1. b4 e5 2. Bb2 d6 3. e4 Nf6 4. d3 g6 5. a3 Bg7 6. Nf3 c6 7. Nbd2 a5 8. Be2 axb4 9. axb4 Rxa1 10. Bxa1 Na6 11. Bc3 Nc7 12. O-O O-O 13. Bb2 Ne6 14. c4 Nf4 15. Re1 N6h5 16. Bf1 Qb6 17. Qb3 Be6 18. b5 cxb5 19. Qxb5 Qxb5 20. cxb5 Bd7 21. b6 Bb5 22. Nc4 Bxc4 23. dxc4 Rc8 24. Ba3 Bf8 25. Rb1 Nf6 26. c5 Nxe4 27. cxd6 Bxd6 28. Bxd6 Nxd6 29. Nxe5 Ne6 30. g3 Kf8 31. Bg2 Ke7 32. Bh3 Rc5 33. Re1 f5 34. Nd3 Rc6 35. Nf4 Nc8 36. Bg2 Rd6 37. Bd5 Rxd5 38. Nxd5+ Kd6 39. Rc1 Nc5 40. Nf6 h5 41. f3 Nxb6 42. Rb1 Nbd7 43. Nxd7 Kxd7 44. Rb6 Ne6 45. Rxb7+ Ke8 46. h4 Kf8 47. Kf2 Nc5 48. Ra7 Nd3+ 49. Ke3 Ne5 50. Kf4 Nf7 51. Rxf7+ Kxf7 52. Kg5 Kg7 53. f4 Kf7 54. Kh6 Kf6 55. Kh7 1/2-1/2

[Event "CAN-op (Pinnacle 48th CAN Op Ch)"]
[Site "Toronto CAN"]
[Date "2011.07.13"]
[Round "5"]
[White "Gusev, Nikita"]
[Black "Knox, Christopher"]
[Result "1/2-1/2"]
[WhiteElo "2223"]
[BlackElo "2072"]
[PlyCount "48"]
[GameId "2160767909707239"]
[EventDate "2011.07.09"]
[EventType "swiss"]
[EventRounds "9"]
[EventCountry "CAN"]
[SourceTitle "hb 2011"]

1. e4 c5 2. Nf3 Nc6 3. Bb5 d6 4. O-O Bd7 5. Re1 a6 6. Bf1 Bg4 7. h3 Bxf3 8. Qxf3 g6 9. g3 Bh6 10. Bg2 e5 11. Nc3 Nge7 12. d3 Bxc1 13. Raxc1 O-O 14. Qf6 Nd4 15. f4 Nec6 16. Nd5 Qxf6 17. Nxf6+ Kg7 18. Nd7 Rfe8 19. c3 Rad8 20. Nb6 Ne6 21. Nd5 f6 22. Rf1 Ne7 23. Nb6 Nc8 24. Nd5 Ne7 1/2-1/2

[Event "CAN-op (Pinnacle 48th CAN Op Ch)"]
[Site "Toronto CAN"]
[Date "2011.07.13"]
[Round "5"]
[White "Hayder, Ali"]
[Black "Purewal, Sardul"]
[Result "1-0"]
[WhiteElo "2120"]
[BlackElo "2004"]
[PlyCount "121"]
[GameId "2160767909707241"]
[EventDate "2011.07.09"]
[EventType "swiss"]
[EventRounds "9"]
[EventCountry "CAN"]
[SourceTitle "hb 2011"]

1. d4 g6 2. c4 Bg7 3. Nc3 c5 4. e3 cxd4 5. exd4 Nf6 6. Nf3 d5 7. cxd5 Nxd5 8. Bb5+ Bd7 9. Qb3 Nxc3 10. bxc3 Bxb5 11. Qxb5+ Qd7 12. Rb1 Qxb5 13. Rxb5 b6 14. Ba3 Nc6 15. O-O e6 16. d5 Nd8 17. c4 Rc8 18. Nd2 f5 19. c5 bxc5 20. Nc4 Bf8 21. Bb2 Rg8 22. dxe6 Rc6 23. Re1 Rxe6 24. Rxe6+ Nxe6 25. Rb7 a6 26. Bf6 g5 27. Ne5 Bd6 28. Rxh7 Bxe5 29. Bxe5 Rg6 30. Kf1 Nd8 31. Rc7 Rc6 32. f3 Rxc7 33. Bxc7 Ne6 34. Be5 Kd7 35. g3 Kc6 36. h4 gxh4 37. gxh4 Nf8 38. h5 Kd5 39. f4 Ke4 40. Ke2 Nh7 41. Kd2 Kd5 42. Kd3 Nf8 43. Bg7 Ne6 44. Be5 Nf8 45. h6 c4+ 46. Kc3 Nh7 47. a3 Nf8 48. Bf6 Nh7 49. Be7 Ke6 50. Bc5 Kd5 51. Bd4 Nf8 52. Be5 Nh7 53. Kb4 Nf8 54. a4 Nh7 55. Ka5 Ke4 56. Kxa6 c3 57. Bxc3 Kxf4 58. Kb7 Kg5 59. a5 Kxh6 60. a6 Nf8 61. a7 1-0

[Event "CAN-op (Pinnacle 48th CAN Op Ch)"]
[Site "Toronto CAN"]
[Date "2011.07.13"]
[Round "5"]
[White "Itkin, David"]
[Black "Macak, Stefan"]
[Result "1/2-1/2"]
[WhiteElo "2203"]
[BlackElo "2391"]
[PlyCount "234"]
[GameId "2160767909707244"]
[EventDate "2011.07.09"]
[EventType "swiss"]
[EventRounds "9"]
[EventCountry "CAN"]
[SourceTitle "EXT 2022"]
[Source "ChessBase"]
[SourceDate "2021.10.06"]
[SourceVersion "1"]
[SourceVersionDate "2021.10.06"]
[SourceQuality "1"]

1. e4 e6 2. d4 d5 3. Nc3 Bb4 4. exd5 exd5 5. Bd3 Nc6 6. a3 Ba5 7. Nge2 Nge7 8. O-O Bg4 9. f3 Bh5 10. Nf4 Bg6 11. Bxg6 hxg6 12. Na4 Bb6 13. c3 Qd6 14. Nh3 O-O-O 15. Bf4 Qd7 16. Nf2 f6 17. Nd3 g5 18. Ndc5 Qf5 19. Bg3 Ng6 20. Qd3 Qxd3 21. Nxd3 Rhe8 22. Rfe1 Na5 23. Nac5 Bxc5 24. Nxc5 Nf8 25. Kf2 c6 26. a4 b6 27. Nd3 Rxe1 28. Rxe1 Kd7 29. b4 Nb7 30. b5 c5 31. dxc5 bxc5 32. a5 Ne6 33. f4 gxf4 34. Nxf4 Nxf4 35. Bxf4 Nd6 36. b6 axb6 37. axb6 Rb8 38. Rb1 Rb7 39. Kf3 Kc6 40. Kg4 Nc4 41. Kf5 Nxb6 42. Kg6 Re7 43. h4 Na4 44. Rb8 Nxc3 45. Rc8+ Kb7 46. Rxc5 d4 47. h5 Rd7 48. Rc4 Nd5 49. Bd2 Nb6 50. Rc5 Nd5 51. Rc4 Nc7 52. h6 gxh6 53. Kxf6 h5 54. Rc5 Ne8+ 55. Ke6 Rg7 56. Rc4 d3 57. Rc3 Nc7+ 58. Ke5 Rd7 59. Ke4 Ne6 60. Ke5 Nc7 61. Ke4 Na6 62. Ke3 Rg7 63. Rxd3 Rg3+ 64. Kd4 Rxg2 65. Be1 Rg4+ 66. Ke5 Nc5 67. Rh3 Kc6 68. Kf5 Rg1 69. Bc3 Rf1+ 70. Kg6 Ne6 71. Bd2 Ra1 72. Bh6 Rg1+ 73. Kxh5 Kd5 74. Re3 Nd4 75. Bg5 Ne6 76. Bf6 Nf4+ 77. Kh6 Rg6+ 78. Kh7 Rxf6 79. Re1 Rg6 80. Rf1 Rg4 81. Re1 Nd3 82. Re8 Ne5 83. Kh6 Ke4 84. Kh5 Rg1 85. Kh4 Rg7 86. Kh3 Kf3 87. Rf8+ Nf7 88. Kh2 Ke3 89. Ra8 Ne5 90. Ra3+ Nd3 91. Kh3 Ke4 92. Ra4+ Kf3 93. Kh4 Nc5 94. Ra3+ Kf4 95. Kh5 Nd7 96. Ra4+ Kf5 97. Ra5+ Ne5 98. Kh4 Rg1 99. Kh3 Rg5 100. Ra4 Rg8 101. Ra5 Rc8 102. Kg3 Rc3+ 103. Kg2 Kf4 104. Ra4+ Nc4 105. Ra8 Ne3+ 106. Kf2 Rc2+ 107. Ke1 Kf3 108. Rf8+ Ke4 109. Rf4+ Kd5 110. Rd4+ Kc5 111. Rd8 Rh2 112. Rc8+ Kd4 113. Rd8+ Nd5 114. Re8 Nc3 115. Rd8+ Ke3 116. Re8+ Ne4 117. Kd1 Rh4 1/2-1/2

[Event "CAN-op (Pinnacle 48th CAN Op Ch)"]
[Site "Toronto CAN"]
[Date "2011.07.13"]
[Round "5"]
[White "Kalaydina, Regina Veronicka"]
[Black "Kagramanov, Dalia"]
[Result "0-1"]
[WhiteElo "1842"]
[BlackElo "1862"]
[PlyCount "92"]
[GameId "2160767909707246"]
[EventDate "2011.07.09"]
[EventType "swiss"]
[EventRounds "9"]
[EventCountry "CAN"]
[SourceTitle "CBM 143 Extra"]
[Source "ChessBase"]
[SourceDate "2011.08.29"]
[SourceVersion "1"]
[SourceVersionDate "2011.08.29"]
[SourceQuality "1"]

1. d4 Nf6 2. c4 g6 3. Nc3 Bg7 4. e4 d6 5. f3 O-O 6. Bg5 c5 7. d5 e6 8. Qd2 exd5 9. cxd5 a6 10. a4 Re8 11. Nge2 Nbd7 12. Ng3 Rb8 13. Be2 Qc7 14. O-O c4 15. Be3 h5 16. Rfc1 b5 17. axb5 axb5 18. b4 Ne5 19. Ra7 Qd8 20. Ra5 Bd7 21. h3 h4 22. Nf1 Qe7 23. Bg5 Qd8 24. f4 Qb6+ 25. Kh1 Nd3 26. Bxd3 cxd3 27. Qxd3 Rbc8 28. Rc2 Rc4 29. Nd2 Rxb4 30. Raa2 Rd4 31. Qf3 b4 32. Ne2 b3 33. Nxb3 Rd1+ 34. Kh2 Nxe4 35. Bxh4 Bb5 36. Rc1 Bxe2 37. Bf2 Nxf2 38. Rxe2 Rxe2 39. Rc8+ Bf8 40. Qxe2 Rh1+ 41. Kg3 Qxb3+ 42. Kxf2 Qb1 43. Re8 Qc1 44. Kg3 Rf1 45. Qe4 Qc3+ 46. Kh2 Qd2 0-1

[Event "CAN-op (Pinnacle 48th CAN Op Ch)"]
[Site "Toronto CAN"]
[Date "2011.07.13"]
[Round "5"]
[White "Karmalkar, Vilas"]
[Black "Roller, Robert"]
[Result "0-1"]
[WhiteElo "1608"]
[BlackElo "1993"]
[PlyCount "32"]
[GameId "2160767909707247"]
[EventDate "2011.07.09"]
[EventType "swiss"]
[EventRounds "9"]
[EventCountry "CAN"]
[SourceTitle "hb 2011"]

1. c4 e5 2. Nc3 Nf6 3. g3 Bb4 4. Nd5 Nxd5 5. cxd5 O-O 6. Bg2 d6 7. h3 f5 8. e4 fxe4 9. Bxe4 Qf6 10. Qe2 Bf5 11. Bxf5 Qxf5 12. Rh2 e4 13. Qc4 Bc5 14. d4 exd3 15. Qf4 Qxd5 16. Qd2 Nc6 0-1

[Event "CAN-op (Pinnacle 48th CAN Op Ch)"]
[Site "Toronto CAN"]
[Date "2011.07.13"]
[Round "5"]
[White "Krupka, David"]
[Black "Kagramanov, Dina"]
[Result "1/2-1/2"]
[WhiteElo "2019"]
[BlackElo "2142"]
[PlyCount "99"]
[GameId "2160767909707249"]
[EventDate "2011.07.09"]
[EventType "swiss"]
[EventRounds "9"]
[EventCountry "CAN"]

1. d4 Nf6 2. c4 e6 3. Nc3 d5 4. Bg5 Be7 5. e3 Nbd7 6. Nf3 O-O 7. cxd5 exd5 8. Bd3 c6 9. Qc2 Re8 10. O-O Nf8 11. Rab1 a5 12. Rfc1 Ng6 13. Ne5 Ne4 14. Bxe7 Qxe7 15. Nxg6 hxg6 16. Bxe4 dxe4 17. Na4 Qg5 18. Qc5 Qh4 19. Nb6 Ra6 20. Nxc8 Rxc8 21. Rc3 Rd8 22. Qe5 Rb6 23. Qxa5 Rb5 24. Qc7 Rh5 25. Qg3 Qf6 26. f4 exf3 27. Qxf3 Rf5 28. Qe2 Qe6 29. Qc4 Qe4 30. Qd3 Qh4 31. Rf1 Rh5 32. h3 Rdd5 33. Rf4 Qg3 34. Rf3 Qd6 35. Qf1 Qe6 36. a3 g5 37. g4 Rh6 38. b4 Qe7 39. Rc4 Re6 40. Qf2 Re4 41. Rc1 Rd6 42. Rf1 f6 43. Rc1 f5 44. Rxf5 Rxe3 45. Rf8+ Qxf8 46. Qxe3 Qf6 47. Qe8+ Kh7 48. Qh5+ Kg8 49. Qe8+ Kh7 50. Qh5+ 1/2-1/2